Squadre più volte all'ultimo posto in Serie A - Statistics

Statistiche generali
  • Questo quiz è stato fatto 83 volte
  • Il punteggio medio è 7 su 10
Statistiche sulle risposte
Ultimi posti Regione Squadra % Corretto
5 Puglia Bari
100%
3 Puglia Lecce
89%
4 Veneto Hellas Verona
85%
5 Abruzzo Pescara
82%
4 Veneto Venezia
79%
4 Toscana Livorno
74%
3 Emilia-Romagna Modena
66%
3 Lombardia Varese
51%
3 Lombardia Legnano
26%
4 Lombardia Pro Patria
18%
Nessun quiz corrispondente trovato
Distribuzione punteggi
Percentuale di utenti per punteggio
Percentile per numero di risposta
I tuoi punteggi nel tempo
Non hai fatto questo quiz